| 000 | 00851nam a2200277Ia 4500 | ||
|---|---|---|---|
| 001 | Z_467 | ||
| 003 | CHAP | ||
| 008 | 220113s1977 xx 000 0 und d | ||
| 010 | _a163444 | ||
| 040 | _cCHAP | ||
| 090 | _aTesis H 64 | ||
| 100 |
_aHuerta Bravo, Maximino _956658 |
||
| 245 |
_aEfectos de la suplementación materna postparto sobre el crecimiento y desarrollo de borregos, pre y post-destete / _cpor Maximino Huerta Bravo |
||
| 260 |
_aChapingo, Méx. : _bEl autor, _c1977 |
||
| 300 | _a39 h. gráfs. | ||
| 502 | _aTesis (Ing. Agrónomo Esp. en Zootecnia) -- ENA. Departamento de Zootecnia | ||
| 650 |
_aGanado lanar _xDestete _945169 |
||
| 650 |
_aGanado lanar _xNutrición _945205 |
||
| 650 |
_aGanado lanar _xPeso _945211 |
||
| 901 | _aTESIS H 64 | ||
| 902 | _aM | ||
| 910 | _a1977 | ||
| 942 | _c2 | ||
| 942 | _c2 | ||
| 999 |
_c163444 _d163444 |
||